[Event "Thüringer Einzelmeisterschaft"]
[Site "Finsterbergen (Thüringen)"]
[Date "2007.04.04"]
[Round "1"]
[White "Wehner, Janis"]
[Black "Kirste, Olaf"]
[Result "1-0"]
[WhiteElo "2225"]
[BlackElo "2049"]
[PlyCount "129"]
[EventDate "2007.??.??"]

1. Nf3 c5 2. g3 Nc6 3. Bg2 g6 4. O-O Bg7 5. e4 d6 6. c3 e5 7. d3 Nge7 8. Be3
O-O 9. Na3 h6 10. Qd2 Kh7 11. d4 cxd4 12. cxd4 f5 13. d5 fxe4 14. Nh4 Nd4 15.
Bxd4 exd4 16. Bxe4 Nf5 17. Nf3 Qf6 18. Rad1 Bd7 19. Nc2 Rae8 20. Rfe1 Kg8 21.
Ncxd4 Nxd4 22. Nxd4 Bg4 23. Ne6 Bxd1 24. Nxf8 Rxf8 25. Rxd1 Rc8 26. b3 b6 27.
Qd3 Rc3 28. Qb5 Qf7 29. Qe2 g5 30. Bb1 Rc7 31. Qg4 Re7 32. Bf5 Qf6 33. Be6+ Kf8
34. Rc1 Re8 35. Rc7 Re7 36. Rc8+ Re8 37. Rxe8+ Kxe8 38. Qa4+ Kf8 39. Qxa7 Qe7
40. Qxb6 Be5 41. Qc6 Kg7 42. Qd7 Qxd7 43. Bxd7 Kf6 44. h3 Bc3 45. Bb5 Ke5 46.
Bc4 Kd4 47. Kg2 Bd2 48. Kf3 Be1 49. a3 h5 50. h4 gxh4 51. gxh4 Ke5 52. Ke3 Kf5
53. Be2 Kg6 54. b4 Kh6 55. b5 Ba5 56. Kf4 Kg6 57. Bd3+ Kf6 58. Bf5 Bd2+ 59. Ke4
Ba5 60. Bd7 Ke7 61. Bc6 Bb6 62. Kf5 Bxf2 63. Kg5 Bb6 64. Kxh5 Kf6 65. Kg4 1-0

[Event "Thüringer Einzelmeisterschaft"]
[Site "Finsterbergen (Thüringen)"]
[Date "2007.04.04"]
[Round "1"]
[White "von Otte, Wilhelm"]
[Black "Kirschbaum, Gunnar"]
[Result "0-1"]
[WhiteElo "2024"]
[BlackElo "2180"]
[PlyCount "86"]
[EventDate "2007.??.??"]

1. e4 e5 2. Nf3 d6 3. d4 Nf6 4. Bc4 exd4 5. O-O Be7 6. Qxd4 O-O 7. h3 a6 8. a4
b6 9. Bf4 Bb7 10. Nbd2 c5 11. Qe3 d5 12. Ba2 dxe4 13. Ng5 Bd5 14. Ngxe4 Bxa2
15. Rxa2 Nd5 16. Qf3 Nc6 17. c3 f5 18. Ng3 g5 19. Nc4 gxf4 20. Rd1 fxg3 21.
Qxg3+ Kh8 22. Qf3 Qd7 23. Rxd5 Qe6 24. Ra1 b5 25. Nb6 Rad8 26. Rad1 Rxd5 27.
Nxd5 Rd8 28. Nf4 Qe4 29. Rxd8+ Nxd8 30. Qh5 Qxf4 31. Qe8+ Kg7 32. Qxe7+ Nf7 33.
axb5 axb5 34. Qxc5 Qc1+ 35. Kh2 Qxb2 36. Qxf5 Qe2 37. f4 Qc4 38. Qg4+ Kf8 39.
Qf5 h6 40. g3 Qe2+ 41. Kg1 Qe1+ 42. Kg2 Qd2+ 43. Kg1 Qxc3 0-1

[Event "Thüringer Einzelmeisterschaft"]
[Site "Finsterbergen (Thüringen)"]
[Date "2007.04.04"]
[Round "1.3"]
[White "Goemann, Jens"]
[Black "Fischer, Dennis"]
[Result "0-1"]
[WhiteElo "2171"]
[BlackElo "1830"]
[PlyCount "62"]
[EventDate "2007.??.??"]

1. c4 Nf6 2. g3 d5 3. cxd5 Nxd5 4. Bg2 g6 5. Qa4+ c6 6. Nc3 Nb6 7. Qh4 Bg7 8.
d3 Qd4 9. Qg5 Qb4 10. Qd2 Na6 11. Nf3 Bg4 12. O-O h5 13. Qc2 Bxf3 14. Bxf3 h4
15. Be3 hxg3 16. hxg3 Bd4 17. Kg2 O-O-O 18. a3 Qd6 19. Rh1 Kb8 20. Qb3 Bxc3 21.
bxc3 Nd5 22. Bd2 Nc5 23. Qc2 e5 24. c4 Nc7 25. Be3 N7e6 26. Qb2 Nd4 27. Bxd4
exd4 28. Qd2 Nb3 29. Qb4 Qxb4 30. axb4 Nxa1 31. Rxa1 Rh7 0-1

[Event "Thüringer Einzelmeisterschaft"]
[Site "Finsterbergen (Thüringen)"]
[Date "2007.04.04"]
[Round "1"]
[White "Rößner, Uwe"]
[Black "Skibbe, Willi"]
[Result "1-0"]
[WhiteElo "1830"]
[BlackElo "2168"]
[PlyCount "77"]
[EventDate "2007.??.??"]

1. c4 e6 2. g3 Nf6 3. Bg2 d5 4. Nf3 c6 5. b3 b5 6. Qc2 Nbd7 7. Bb2 Be7 8. O-O
O-O 9. d3 a5 10. Nd4 Qb6 11. cxb5 cxb5 12. Nd2 Bb7 13. Rfc1 Rfc8 14. Qd1 Bc5
15. e3 b4 16. Rc2 Ba6 17. Bf1 Rc7 18. Rac1 Rac8 19. N2f3 e5 20. Nf5 Bd6 21.
Nxd6 Qxd6 22. Bh3 Rxc2 23. Rxc2 Rxc2 24. Qxc2 e4 25. dxe4 dxe4 26. Nd4 Ne5 27.
Bg2 Bb7 28. Nf5 Qd3 29. Qc7 Qd1+ 30. Bf1 Nf3+ 31. Kg2 Ne1+ 32. Kg1 Nf3+ 33. Kg2
Ne1+ 34. Kg1 Qd7 35. Qb8+ Ne8 36. Bc4 Nf3+ 37. Kg2 Bc8 38. Qxc8 Ne1+ 39. Kf1
1-0

[Event "Thüringer Einzelmeisterschaft"]
[Site "Finsterbergen (Thüringen)"]
[Date "2007.04.04"]
[Round "1"]
[White "Wendling, Hannes"]
[Black "Bohatschek, Daniel"]
[Result "1-0"]
[WhiteElo "2123"]
[BlackElo "1818"]
[PlyCount "55"]
[EventDate "2007.??.??"]

1. e4 c5 2. Ne2 a6 3. d4 cxd4 4. Nxd4 e5 5. Nb3 Nf6 6. Nc3 Bb4 7. Bg5 Bxc3+ 8.
bxc3 Qc7 9. Qf3 Qc6 10. Nd2 b5 11. c4 Bb7 12. cxb5 axb5 13. Bd3 Na6 14. O-O Nb4
15. Bxf6 gxf6 16. Rfb1 Rxa2 17. Bxb5 Qxc2 18. Qxf6 O-O 19. Rxa2 Nxa2 20. Qg5+
Kh8 21. Qxe5+ Kg8 22. Rb3 Bxe4 23. Qxe4 Qxd2 24. Rg3+ Kh8 25. Rh3 h6 26. Qe7
Rg8 27. Qf6+ Kh7 28. Bd3+ 1-0

[Event "Thüringer Einzelmeisterschaft"]
[Site "Finsterbergen (Thüringen)"]
[Date "2007.04.04"]
[Round "1"]
[White "Wagner, Ronald"]
[Black "Koksch, Robert"]
[Result "1-0"]
[WhiteElo "1807"]
[BlackElo "2108"]
[PlyCount "75"]
[EventDate "2007.??.??"]

1. Nf3 d5 2. d4 Nf6 3. g3 Bf5 4. Bg2 Qc8 5. b3 Bh3 6. O-O Bxg2 7. Kxg2 e6 8.
Bb2 Be7 9. Nbd2 O-O 10. c4 Na6 11. Rc1 c6 12. Re1 Rd8 13. Qc2 Qd7 14. Ne5 Qe8
15. e4 Rac8 16. a3 c5 17. dxc5 Nxc5 18. exd5 exd5 19. b4 Na4 20. c5 Nxb2 21.
Qxb2 Nd7 22. Nef3 Qf8 23. Nb3 Bf6 24. Nbd4 Nb8 25. Qb3 a5 26. Red1 axb4 27.
axb4 Rc7 28. Rc2 g6 29. Nb5 Rcd7 30. Rcd2 Na6 31. Nd6 b6 32. Rxd5 bxc5 33. Ne4
Rxd5 34. Nxf6+ Kg7 35. Nxd5 cxb4 36. Ne3 Rb8 37. Qb2+ Kg8 38. Nd5 1-0

[Event "Thüringer Einzelmeisterschaft"]
[Site "Finsterbergen (Thüringen)"]
[Date "2007.04.04"]
[Round "1"]
[White "Michalowski, Peter"]
[Black "Hanisch, Rene"]
[Result "1-0"]
[WhiteElo "2098"]
[BlackElo "1800"]
[PlyCount "83"]
[EventDate "2007.??.??"]

1. d4 d5 2. Nc3 Nf6 3. Bg5 e6 4. e4 dxe4 5. Nxe4 Be7 6. Bxf6 Bxf6 7. Nf3 Be7 8.
Bd3 Nd7 9. Qe2 Nf6 10. O-O-O Qd5 11. Nxf6+ Bxf6 12. Bc4 Qh5 13. d5 e5 14. Bb5+
c6 15. dxc6 O-O 16. Rhe1 e4 17. Nd2 Bg4 18. f3 Qe5 19. c3 bxc6 20. Bxc6 Rac8
21. Qxe4 Qc5 22. Qd5 Qb6 23. fxg4 Rxc6 24. Ne4 Rb8 25. Nxf6+ gxf6 26. Re2 Qa6
27. Rc2 Rb5 28. Qe4 Re5 29. Qf3 Rce6 30. a3 Re4 31. h3 Qc4 32. Kb1 Qb3 33. Qd3
Re3 34. Qd8+ Kg7 35. g5 f5 36. Qd4+ Kg6 37. Qh4 Kg7 38. Qd4+ Kg6 39. Qb4 Qxb4
40. axb4 Kxg5 41. Rd7 Ra6 42. Rf2 1-0

[Event "Thüringer Einzelmeisterschaft"]
[Site "Finsterbergen (Thüringen)"]
[Date "2007.04.04"]
[Round "1"]
[White "Grube, Jan"]
[Black "Fuchs, Antje"]
[Result "0-1"]
[WhiteElo "1784"]
[BlackElo "2087"]
[PlyCount "60"]
[EventDate "2007.??.??"]

1. c4 g6 2. d4 Bg7 3. Nc3 Nf6 4. e4 d6 5. f3 O-O 6. Be3 c5 7. dxc5 dxc5 8. Qxd8
Rxd8 9. Bxc5 Nc6 10. Rd1 Rxd1+ 11. Kxd1 Nd7 12. Be3 Nde5 13. Kc2 a5 14. a3 Be6
15. Nd5 a4 16. Be2 Na5 17. c5 Nec4 18. Nxe7+ Kf8 19. Bxc4 Nxc4 20. Nxg6+ hxg6
21. Bc1 Rc8 22. Ne2 Rxc5 23. Nc3 Nxa3+ 24. Kd3 Bc4+ 25. Ke3 Nc2+ 26. Kf2 b5 27.
Bf4 Ke7 28. Rd1 Bd4+ 29. Kg3 g5 30. Bb8 Rc8 {ZÜ} 0-1

[Event "Thüringer Einzelmeisterschaft"]
[Site "Finsterbergen (Thüringen)"]
[Date "2007.04.04"]
[Round "1"]
[White "Taudte, Stefan"]
[Black "Müller, Robert"]
[Result "1-0"]
[WhiteElo "2086"]
[BlackElo "1708"]
[PlyCount "89"]
[EventDate "2007.??.??"]

1. d4 d5 2. c4 c6 3. Nf3 Nf6 4. Nc3 e6 5. Bg5 Be7 6. e3 O-O 7. c5 Nbd7 8. b4 h6
9. Bh4 Ne4 10. Bxe7 Qxe7 11. Nxe4 dxe4 12. Nd2 f5 13. Nc4 e5 14. d5 Nf6 15.
dxc6 bxc6 16. Qd6 Qxd6 17. cxd6 Re8 18. Na5 Bd7 19. Rc1 Rab8 20. a3 Rb6 21. Rc5
Kf8 22. Be2 Re6 23. Nc4 Rb5 24. Na5 Rb6 25. Nc4 Rb5 26. O-O Re8 27. Rd1 Nd5 28.
Nxe5 Rb7 29. Nxd7+ Rxd7 30. Rxc6 Nf6 31. Rc7 Red8 32. Rxd7 Rxd7 33. Bb5 Rd8 34.
Kf1 Ne8 35. Bxe8 Kxe8 36. d7+ Rxd7 37. Rxd7 Kxd7 38. Ke2 Kc6 39. Kd2 Kb5 40.
Kc3 Ka4 41. Kb2 g5 42. g3 g4 43. Ka2 a5 44. bxa5 Kxa5 45. Kb3 1-0

[Event "Thüringer Einzelmeisterschaft"]
[Site "Finsterbergen (Thüringen)"]
[Date "2007.04.04"]
[Round "1"]
[White "Seiler, Mario"]
[Black "Gulich, Christian"]
[Result "0-1"]
[WhiteElo "1682"]
[BlackElo "2083"]
[PlyCount "64"]
[EventDate "2007.??.??"]

1. d4 f5 2. Nf3 Nf6 3. g3 g6 4. Bg2 Bg7 5. O-O d6 6. e3 O-O 7. c4 Qe8 8. Nc3 e5
9. dxe5 dxe5 10. Nd5 Nxd5 11. Qxd5+ Kh8 12. Rb1 Nc6 13. b3 Be6 14. Qd2 Rd8 15.
Qe2 e4 16. Ng5 Bg8 17. Ba3 Rf6 18. Rbd1 Ne5 19. Rxd8 Qxd8 20. Rd1 Nd3 21. f3
Ra6 22. Bb2 Qxg5 23. Bxg7+ Kxg7 24. fxe4 Nc5 25. Qb2+ Kh6 26. Qf2 Be6 27. h3
Nxe4 28. Bxe4 fxe4 29. Qf8+ Kh5 30. g4+ Bxg4 31. Rd5 Bf5+ 32. Kh2 Rxa2+ 0-1

[Event "Thüringer Einzelmeisterschaft"]
[Site "Finsterbergen (Thüringen)"]
[Date "2007.04.04"]
[Round "1"]
[White "Kunath, Werner"]
[Black "Bethge, Johanna"]
[Result "1/2-1/2"]
[WhiteElo "2059"]
[BlackElo "1526"]
[PlyCount "86"]
[EventDate "2007.??.??"]

1. d4 d5 2. c4 e6 3. Nc3 Nf6 4. Bg5 Nbd7 5. cxd5 exd5 6. e3 c6 7. Bd3 Be7 8.
Qc2 O-O 9. h3 Re8 10. Nge2 Nf8 11. g4 Ne4 12. Bf4 f5 13. gxf5 Bxf5 14. Nxe4
Bxe4 15. Bxe4 dxe4 16. O-O-O Bh4 17. Nc3 Qe7 18. Rdg1 Ng6 19. Bg3 Bf6 20. Rg2
Qe6 21. h4 b5 22. h5 Nf8 23. Bh4 Nd7 24. Qb3 Qxb3 25. axb3 Re6 26. Rg4 Rae8 27.
Kc2 Bxh4 28. Rgxh4 Nf6 29. Ra1 R8e7 30. Kd2 Rf7 31. Rf4 Ree7 32. Rf5 Ng4 33.
Rxf7 Kxf7 34. Rf1 Nf6 35. f3 exf3 36. Rxf3 Ke6 37. Rh3 Kf5 38. Ne2 Kg4 39. Nf4
Ne4+ 40. Ke2 Rf7 41. Rh2 Ng3+ 42. Kf2 Nxh5 43. Rg2+ Kh4 1/2-1/2

[Event "Thüringer Einzelmeisterschaft"]
[Site "Finsterbergen (Thüringen)"]
[Date "2007.04.04"]
[Round "1"]
[White "Manger, Erika"]
[Black "Horatschek, Stefan"]
[Result "0-1"]
[WhiteElo "1386"]
[BlackElo "2057"]
[PlyCount "76"]
[EventDate "2007.??.??"]

1. c4 e5 2. g3 Nf6 3. Bg2 d5 4. cxd5 Nxd5 5. Nc3 Nxc3 6. bxc3 c6 7. Nf3 Nd7 8.
O-O Be7 9. d3 O-O 10. a4 Re8 11. Ba3 Bxa3 12. Rxa3 Qe7 13. Qc1 Nf6 14. Ng5 Bf5
15. e4 Bg6 16. Rb3 Rad8 17. Rd1 h6 18. Nf3 Rd7 19. Bh3 Rd6 20. Nh4 Bh7 21. Nf5
Bxf5 22. exf5 Red8 23. c4 e4 24. Qe3 Rd4 25. Rd2 Qd7 26. f3 b6 27. fxe4 Nxe4
28. Re2 Nc5 29. Ra3 Nxd3 30. Bg2 Nc5 31. Qf3 Rxc4 32. Qxc6 Rc1+ 33. Kf2 Qd4+
34. Kf3 Ne6 35. Qe4 Ng5+ 36. Kf4 Nxe4 37. Rxe4 Qd6+ 38. Kf3 Qxa3+ 0-1

[Event "Thüringer Einzelmeisterschaft"]
[Site "Finsterbergen (Thüringen)"]
[Date "2007.04.05"]
[Round "2"]
[White "Gulich, Christian"]
[Black "Wehner, Janis"]
[Result "1/2-1/2"]
[WhiteElo "2083"]
[BlackElo "2225"]
[PlyCount "155"]
[EventDate "2007.??.??"]

1. e4 c5 2. Nf3 Nc6 3. d4 cxd4 4. Nxd4 g6 5. c4 Bg7 6. Be3 Nf6 7. Nc3 O-O 8.
Be2 d6 9. O-O Bd7 10. Rc1 Nxd4 11. Bxd4 Bc6 12. f3 a5 13. Qd2 Nd7 14. Rfd1
Bxd4+ 15. Qxd4 Nc5 16. e5 Qb6 17. exd6 exd6 18. Rd2 Rad8 19. Rcd1 Rfe8 20. Bd3
Qc7 21. Bc2 Re6 22. b3 Rde8 23. Kf1 Qe7 24. Qf2 Qf6 25. Nd5 Bxd5 26. cxd5 R6e7
27. Bd3 Qf4 28. Bb5 Rc8 29. h3 Qb4 30. Bd3 Re5 31. Bc2 Qf4 32. Qd4 Qxd4 33.
Rxd4 Rce8 34. Bd3 R8e7 35. Bb5 Kg7 36. Kf2 Re3 37. Kf1 Rc3 38. R1d2 Ree3 39.
Kf2 Re7 40. Kf1 Kf6 41. Kf2 h6 42. Kg3 Re1 43. Kf2 Rcc1 44. Rf4+ Kg7 45. Kg3 f5
46. Rfd4 Kf6 47. h4 Rc3 48. Kf2 Rcc1 49. Kg3 Ke5 50. Be8 g5 51. hxg5 hxg5 52.
Bb5 Rc2 53. Kf2 Ra1 54. Rxc2 Kxd4 55. Rc4+ Ke5 56. Rc2 Kxd5 57. Rd2+ Ke5 58.
Bc4 b5 59. Bxb5 d5 60. Rc2 Ne6 61. Re2+ Kd6 62. Rd2 Kc5 63. Bd7 Nd4 64. Be8 Rc1
65. Bf7 Rc2 66. Rxc2+ Nxc2 67. f4 gxf4 68. Kf3 Nb4 69. a3 Nd3 70. Be6 Ne1+ 71.
Kxf4 Nxg2+ 72. Kxf5 Ne3+ 73. Ke5 Kc6 74. b4 a4 75. Bf7 Nc4+ 76. Kd4 Nxa3 77.
Be8+ Kb6 78. Bxa4 1/2-1/2

[Event "Thüringer Einzelmeisterschaft"]
[Site "Finsterbergen (Thüringen)"]
[Date "2007.04.05"]
[Round "?"]
[White "Kirschbaum, Gunnar"]
[Black "Taudte, Stefan"]
[Result "1-0"]
[WhiteElo "2180"]
[BlackElo "2086"]
[PlyCount "57"]
[EventDate "2007.??.??"]

1. d4 Nf6 2. c4 c5 3. d5 e6 4. Nc3 exd5 5. cxd5 d6 6. e4 g6 7. f4 Bg7 8. Nf3
O-O 9. Be2 Na6 10. e5 Nd7 11. e6 Nf6 12. O-O fxe6 13. dxe6 Bxe6 14. Ng5 Bf5 15.
Bc4+ Kh8 16. h3 Qd7 17. g4 Nxg4 18. hxg4 Bxg4 19. Qd5 Bd4+ 20. Kh2 Nb4 21. Qg2
h6 22. Nf7+ Rxf7 23. Bxf7 Qf5 24. Bb3 Re8 25. Bd2 Nd3 26. Rab1 Qh5+ 27. Kg3 Bf5
28. Bd1 Nxf4 29. Bxf4 1-0

[Event "Thüringer Einzelmeisterschaft "]
[Site "Finsterbergen"]
[Date "2007.04.05"]
[Round "2"]
[White "Horatschek, Stefan"]
[Black "Wendling, Hannes"]
[Result "1/2-1/2"]
[WhiteElo "2057"]
[BlackElo "2123"]
[PlyCount "60"]
[EventDate "2007.04.??"]

1. d4 d5 2. c4 c6 3. cxd5 cxd5 4. Nc3 Nf6 5. Nf3 a6 6. Bf4 Nc6 7. e3 Bg4 8. Be2
Bxf3 9. Bxf3 e6 10. O-O Bd6 11. Bxd6 Qxd6 12. Na4 Nd7 13. Rc1 O-O 14. Nc5 Nxc5
15. Rxc5 b6 16. Rc3 Rfc8 17. Qc2 Ne7 18. Rc1 Qd7 19. Qb3 Qb7 20. Be2 g6 21. Qa3
a5 22. Bb5 Rxc3 23. Rxc3 Rc8 24. Rxc8+ Nxc8 25. Qc3 Nd6 26. Bd3 Qc8 27. Qxc8+
Nxc8 28. Kf1 Nd6 29. Ke2 Kg7 30. f3 f5 1/2-1/2

[Event "Thüringer Einzelmeisterschaft"]
[Site "Finsterbergen (Thüringen)"]
[Date "2007.04.05"]
[Round "2"]
[White "Fischer, Dennis"]
[Black "Michalowski, Peter"]
[Result "0-1"]
[WhiteElo "1830"]
[BlackElo "2098"]
[PlyCount "110"]
[EventDate "2007.??.??"]

1. g3 c5 2. Bg2 Nc6 3. b3 d6 4. Bb2 e5 5. e3 Be6 6. Ne2 Qd7 7. O-O Nf6 8. d4
Bh3 9. dxe5 Bxg2 10. exf6 Bxf1 11. fxg7 Bxg7 12. Bxg7 Bxe2 13. Qxe2 Rg8 14. Bb2
O-O-O 15. Nc3 Qe6 16. Rd1 d5 17. Qh5 d4 18. exd4 cxd4 19. Ne2 Rd5 20. Qf3 Rf5
21. Nf4 Qe5 22. Kh1 Rd8 23. Qg4 Kb8 24. Kg1 Qe4 25. Rd3 Ne5 26. Qh4 Re8 27.
Bxd4 Nxd3 28. Nxd3 Qxh4 29. gxh4 Re2 30. c3 Rxa2 31. Nc5 Kc8 32. Ne4 Ra6 33.
Kg2 Rf4 34. Ng5 Rg6 35. Kh3 h6 36. Be3 hxg5 37. hxg5 Rf3+ 38. Kg4 Rxe3 39. fxe3
Kd7 40. h4 Ke6 41. h5 Rg8 42. h6 Ke5 43. Kh5 Kf5 44. h7 Rxg5+ 45. Kh6 Rg1 46.
h8=Q Rh1+ 47. Kg7 Rxh8 48. Kxh8 Ke4 49. Kg7 Kxe3 50. Kxf7 Kd3 51. c4 Kc3 52.
Ke6 Kxb3 53. Kd5 a5 54. Kc5 a4 55. Kb5 b6 0-1

[Event "Thüringer Einzelmeisterschaft"]
[Site "Finsterbergen (Thüringen)"]
[Date "2007.04.05"]
[Round "2"]
[White "Fuchs, Antje"]
[Black "Rößner, Uwe"]
[Result "1-0"]
[WhiteElo "2087"]
[BlackElo "1830"]
[PlyCount "49"]
[EventDate "2007.??.??"]

1. e4 d6 2. d4 Nf6 3. Bd3 e5 4. Ne2 exd4 5. Nxd4 Nbd7 6. Nc3 Be7 7. Nf5 O-O 8.
O-O Re8 9. Bg5 c6 10. Re1 Ne5 11. Nxe7+ Qxe7 12. Bf1 h6 13. Bh4 Be6 14. f4 Ng6
15. Bxf6 Qxf6 16. f5 Ne5 17. fxe6 Rxe6 18. Re3 Qf4 19. Rg3 Rf6 20. Be2 Re8 21.
Qd4 Ree6 22. Rd1 Rg6 23. Qe3 Qh4 24. Rxg6 Rxg6 25. Rf1 1-0

[Event "Thüringer Einzelmeisterschaft"]
[Site "Finsterbergen (Thüringen)"]
[Date "2007.04.05"]
[Round "2"]
[White "Bethge, Johanna"]
[Black "Wagner, Ronald"]
[Result "1/2-1/2"]
[WhiteElo "1526"]
[BlackElo "1807"]
[PlyCount "78"]
[EventDate "2007.??.??"]

1. e4 c5 2. Nf3 d6 3. d4 cxd4 4. Nxd4 Nf6 5. Nc3 a6 6. f3 Qc7 7. Be3 e6 8. Qd2
b5 9. Bxb5+ axb5 10. Ndxb5 Qc6 11. O-O-O Be7 12. Nxd6+ Bxd6 13. Qxd6 Qxd6 14.
Rxd6 Ra6 15. Rhd1 Rxd6 16. Rxd6 Nfd7 17. a4 Ke7 18. Rd2 Nc6 19. b3 Ba6 20. Kb2
Rb8 21. Ka3 f6 22. Na2 Nce5 23. Nb4 Bb7 24. Nd3 Nxd3 25. Rxd3 Rc8 26. Rd2 Ne5
27. Bf4 Nf7 28. b4 Rd8 29. c4 Rxd2 30. Bxd2 Ne5 31. Kb3 Kd7 32. Kc3 Nc6 33. b5
Nd8 34. c5 e5 35. c6+ Nxc6 36. bxc6+ Kxc6 37. Kb4 Ba6 38. f4 exf4 39. Bxf4 Bd3
1/2-1/2

[Event "Thüringer Einzelmeisterschaft"]
[Site "Finsterbergen (Thüringen)"]
[Date "2007.04.05"]
[Round "2"]
[White "Skibbe, Willi"]
[Black "Kunath, Werner"]
[Result "1-0"]
[WhiteElo "2168"]
[BlackElo "2059"]
[PlyCount "67"]
[EventDate "2007.??.??"]

1. c4 Nf6 2. Nc3 e6 3. e4 d6 4. g3 c5 5. Bg2 Nc6 6. Nge2 Nd4 7. O-O Be7 8. d3
O-O 9. f4 e5 10. h3 Bd7 11. g4 h6 12. Ng3 exf4 13. Nf5 Bxf5 14. gxf5 f3 15.
Bxf3 Nxf3+ 16. Qxf3 Nh7 17. Bf4 Bf6 18. Qg3 Be5 19. Bxe5 dxe5 20. Nd5 Qg5 21.
Rf3 Rad8 22. Kh1 Rd7 23. Qxe5 Qd8 24. Rg3 f6 25. Qf4 Kh8 26. h4 Rdf7 27. Rag1
Qe8 28. R1g2 Qe5 29. Qf1 Re8 30. Qf3 b6 31. Nf4 Nf8 32. Qe3 Rd8 33. Nh5 Rdd7
34. Rxg7 1-0

[Event "Thüringer Einzelmeisterschaft"]
[Site "Finsterbergen (Thüringen)"]
[Date "2007.04.05"]
[Round "2"]
[White "Hanisch, Rene"]
[Black "Goemann, Jens"]
[Result "1/2-1/2"]
[WhiteElo "1800"]
[BlackElo "2171"]
[PlyCount "35"]
[EventDate "2007.??.??"]

1. e4 e6 2. d4 d5 3. exd5 exd5 4. Bd3 Nc6 5. c3 Bd6 6. Qf3 Be6 7. Ne2 Qd7 8.
Bf4 Nf6 9. Bxd6 Qxd6 10. Qg3 Qxg3 11. Nxg3 Kd7 12. Nd2 Rae8 13. O-O g6 14. Rfe1
h5 15. Nb3 Kd6 16. Bb5 a6 17. Bd3 Nd7 18. f4 1/2-1/2

[Event "Thüringer Einzelmeisterschaft"]
[Site "Finsterbergen (Thüringen)"]
[Date "2007.04.05"]
[Round "2"]
[White "Koksch, Robert"]
[Black "Grube, Jan"]
[Result "1-0"]
[WhiteElo "2108"]
[BlackElo "1784"]
[PlyCount "143"]
[EventDate "2007.??.??"]

1. d4 d5 2. c4 e6 3. Nc3 Nf6 4. Bg5 Be7 5. Nf3 O-O 6. e3 Nbd7 7. Rc1 c6 8. Bd3
dxc4 9. Bxc4 Nd5 10. Bxe7 Qxe7 11. O-O f5 12. Qe2 N7f6 13. Ne5 Bd7 14. Bd3 Be8
15. Nxd5 Nxd5 16. a3 Qg5 17. f4 Qh4 18. Qf2 Qxf2+ 19. Kxf2 g6 20. Rc5 Kh8 21.
b4 a6 22. Rb1 Rg8 23. a4 g5 24. fxg5 Rxg5 25. Be2 Bh5 26. Bxh5 Rxh5 27. h3 Rf8
28. b5 f4 29. e4 Nf6 30. Re1 cxb5 31. axb5 Kg8 32. bxa6 bxa6 33. Nd7 Rxc5 34.
Nxc5 Kf7 35. Nxa6 Ra8 36. Nc5 Ra2+ 37. Re2 Ra3 38. Rd2 Rc3 39. e5 Nd5 40. Ne4
Rc6 41. Kf3 Rb6 42. Rd3 h6 43. g3 fxg3 44. Nxg3 Kg6 45. Kg4 Rb2 46. h4 Rf2 47.
h5+ Kg7 48. Nh1 Rf4+ 49. Kh3 Kh7 50. Rd2 Ne3 51. Ng3 Nc4 52. Rd3 Nb2 53. Rb3
Nc4 54. Rd3 Nb2 55. Rd2 Nc4 56. Rd1 Nb2 57. Rb1 Nc4 58. Rb7+ Kg8 59. Re7 Rxd4
60. Rxe6 Rd5 61. Rg6+ Kh7 62. Ne4 Rd8 63. Nf6+ Kh8 64. e6 Ne5 65. e7 Ra8 66.
e8=Q+ Rxe8 67. Nxe8 Nxg6 68. hxg6 Kg8 69. Kh4 Kf8 70. Kh5 Kxe8 71. Kxh6 Kf8 72.
Kh7 1-0

[Event "Thüringer Einzelmeisterschaft"]
[Site "Finsterbergen (Thüringen)"]
[Date "2007.04.05"]
[Round "2"]
[White "Müller, Robert"]
[Black "von Otte, Wilhelm"]
[Result "1/2-1/2"]
[WhiteElo "1708"]
[BlackElo "2024"]
[PlyCount "51"]
[EventDate "2007.??.??"]

1. d4 d5 2. c4 e5 3. e3 exd4 4. exd4 Nf6 5. Nf3 Bg4 6. Be2 dxc4 7. Qa4+ Nbd7 8.
Qxc4 Bd6 9. O-O O-O 10. Nc3 c6 11. Qd3 Qc7 12. h3 Bh5 13. Be3 Rad8 14. Rfe1 Nb6
15. Rad1 Nbd5 16. Nxd5 Nxd5 17. a3 Nf4 18. Bxf4 Bxf4 19. Qc3 Rfe8 20. Bc4 Qd7
21. g4 Bxg4 22. hxg4 Qxg4+ 23. Kh1 Qh3+ 24. Kg1 Qg4+ 25. Kh1 Qh3+ 26. Kg1
1/2-1/2

[Event "Thüringer Einzelmeisterschaft"]
[Site "Finsterbergen (Thüringen)"]
[Date "2007.04.05"]
[Round "2"]
[White "Bohatschek, Daniel"]
[Black "Manger, Erika"]
[Result "1-0"]
[WhiteElo "1818"]
[BlackElo "1386"]
[PlyCount "89"]
[EventDate "2007.??.??"]

1. e4 c6 2. Nf3 d5 3. e5 Bg4 4. h3 Bh5 5. d4 e6 6. Bd3 f6 7. Qe2 Nd7 8. exf6
Ngxf6 9. Qxe6+ Qe7 10. Ng5 O-O-O 11. Qxe7 Bxe7 12. g4 h6 13. Ne6 Rde8 14. O-O
Nxg4 15. hxg4 Bxg4 16. Nf4 g5 17. Ng6 Rhg8 18. Nxe7+ Rxe7 19. Bd2 h5 20. Nc3
Bf3 21. Rfe1 Rxe1+ 22. Rxe1 h4 23. Bf5 Kd8 24. Re6 g4 25. Rd6 Rg7 26. Bxd7 Rxd7
27. Bg5+ Kc7 28. Rxd7+ Kxd7 29. Bxh4 b5 30. Kh2 a5 31. Kg3 b4 32. Na4 Bd1 33.
Nc5+ Kc8 34. c3 bxc3 35. bxc3 Be2 36. Kf4 Kc7 37. Ke5 Kb6 38. a4 Kc7 39. Ke6
Bf3 40. Bg3+ Kb6 41. Kd7 Be4 42. Bc7+ Ka7 43. Nxe4 dxe4 44. Kxc6 g3 45. Bxg3
1-0

[Event "Thüringer Einzelmeisterschaft"]
[Site "Finsterbergen (Thüringen)"]
[Date "2007.04.05"]
[Round "3"]
[White "Michalowski, Peter"]
[Black "Kirschbaum, Gunnar"]
[Result "1-0"]
[WhiteElo "2098"]
[BlackElo "2180"]
[PlyCount "51"]
[EventDate "2007.??.??"]

1. e4 d6 2. d4 Nf6 3. Nc3 g6 4. f4 Bg7 5. Nf3 O-O 6. Be3 b6 7. Qd2 Bb7 8. e5
Ng4 9. O-O-O c5 10. dxc5 Nxe3 11. Qxe3 bxc5 12. e6 f5 13. h4 Qa5 14. h5 Na6 15.
hxg6 hxg6 16. Ng5 Rab8 17. Qh3 Rf6 18. Bc4 Qb4 19. Nh7 Rff8 20. Nxf8 Bxg2 21.
Qh7+ Kxf8 22. Bb3 Qxf4+ 23. Kb1 Qg5 24. Rhg1 f4 25. Rdf1 c4 26. Rxg2 1-0

[Event "Thüringer Einzelmeisterschaft"]
[Site "Finsterbergen (Thüringen)"]
[Date "2007.04.05"]
[Round "3"]
[White "Wehner, Janis"]
[Black "Fuchs, Antje"]
[Result "1-0"]
[WhiteElo "2225"]
[BlackElo "2087"]
[PlyCount "81"]
[EventDate "2007.??.??"]

1. g3 Nf6 2. Bg2 c5 3. b3 Nc6 4. Bb2 d5 5. d3 e5 6. e3 Bd6 7. Nd2 Bg4 8. Ne2
Qd7 9. h3 Be6 10. a3 Rd8 11. Kf1 b5 12. Kg1 Ne7 13. Kh2 h5 14. e4 h4 15. g4 d4
16. Nf3 Ng6 17. Bc1 Bxg4 18. hxg4 h3 19. Bf1 Qxg4 20. Ng3 Nf4 21. Bxf4 exf4 22.
Nf5 Qg6 23. Rg1 Ng4+ 24. Rxg4 Qxg4 25. Ne5 Qxd1 26. Nxd6+ Rxd6 27. Rxd1 Rh5 28.
Ng4 f3 29. Bxh3 Ra6 30. Ra1 Ke7 31. Kg3 g6 32. e5 Kf8 33. Nf6 Rh8 34. Nd7+ Kg7
35. Nxc5 Rc6 36. b4 f5 37. exf6+ Kxf6 38. Re1 a5 39. Bg4 axb4 40. axb4 Ra8 41.
Bxf3 1-0

[Event "Thüringer Einzelmeisterschaft"]
[Site "Finsterbergen (Thüringen)"]
[Date "2007.04.05"]
[Round "3"]
[White "Wendling, Hannes"]
[Black "Gulich, Christian"]
[Result "1-0"]
[WhiteElo "2123"]
[BlackElo "2083"]
[PlyCount "61"]
[EventDate "2007.??.??"]

1. e4 c5 2. Nf3 d6 3. d4 cxd4 4. Nxd4 Nf6 5. Nc3 g6 6. Be3 Bg7 7. Be2 O-O 8.
O-O Nc6 9. f4 Bd7 10. Kh1 Rc8 11. Qd2 a6 12. Rae1 b5 13. a3 Qc7 14. Bf3 Rfd8
15. Qf2 Rf8 16. Rd1 Nxd4 17. Bxd4 Bc6 18. Rd3 Nd7 19. Bg4 Rb8 20. Bxg7 Kxg7 21.
Bxd7 Qxd7 22. e5 d5 23. Rfd1 Rfd8 24. Qd2 Rbc8 25. Ne2 Qa7 26. Nd4 Bd7 27. Qf2
Qb8 28. Qh4 e6 29. Qf6+ Kg8 30. Rh3 b4 31. Rxh7 1-0

[Event "Thüringer Einzelmeisterschaft"]
[Site "Finsterbergen (Thüringen)"]
[Date "2007.04.05"]
[Round "3"]
[White "Wagner, Ronald"]
[Black "Horatschek, Stefan"]
[Result "1/2-1/2"]
[WhiteElo "1807"]
[BlackElo "2057"]
[PlyCount "28"]
[EventDate "2007.??.??"]

1. Nf3 d5 2. d4 c6 3. g3 Nf6 4. Bg2 Bf5 5. b3 e6 6. Bb2 h6 7. O-O Be7 8. Nbd2
O-O 9. c4 Nbd7 10. Re1 Rc8 11. Ne5 Nxe5 12. dxe5 Nd7 13. e4 dxe4 14. Nxe4 Bxe4
1/2-1/2

[Event "Thüringer Einzelmeisterschaft"]
[Site "Finsterbergen (Thüringen)"]
[Date "2007.04.05"]
[Round "3"]
[White "Bohatschek, Daniel"]
[Black "Skibbe, Willi"]
[Result "0-1"]
[WhiteElo "1818"]
[BlackElo "2168"]
[PlyCount "56"]
[EventDate "2007.??.??"]

1. e4 e6 2. d4 d5 3. exd5 exd5 4. Bd3 Nc6 5. c3 Bd6 6. Qf3 Nge7 7. Ne2 Be6 8.
Bf4 Ng6 9. Bxd6 Qxd6 10. Nd2 O-O-O 11. O-O-O Qd7 12. h3 Nce7 13. g4 h5 14. g5
h4 15. Nb3 b6 16. Kb1 Bf5 17. Bxf5 Qxf5+ 18. Qxf5+ Nxf5 19. Nbc1 Rde8 20. Rd2
Re4 21. Kc2 Nd6 22. Kd1 Re6 23. Nd3 Ne4 24. Ndf4 Nxf4 25. Nxf4 Nxd2 26. Nxe6
Ne4 27. Ke1 fxe6 28. f4 Rf8 0-1